Kausalmodelle in Geographis, Ökonomie und Soziologie <Eine> Einführung mit Übungen und einem Computerprogramm

Uložené v:
Podrobná bibliografia
Hlavný autor: Güssefeldt, Jörg
Médium: Kniha
Jazyk:German
Vydavateľské údaje: Berlin Springer 1988
Vydanie:1. Aufl.
Tagy: Pridať tag
Žiadne tagy, Buďte prvý, kto otaguje tento záznam!

MARC

LEADER 00000nam a2200000 4500
001 c036310
005 20221206134312.2
041 0 |a ger 
044 |a DE 
245 1 0 |a Kausalmodelle in Geographis, Ökonomie und Soziologie  |b <Eine> Einführung mit Übungen und einem Computerprogramm  |c Jörg Güssefeldt 
250 |a 1. Aufl. 
264 1 |a Berlin  |b Springer  |c 1988 
300 |a 426 s. 
100 1 |a Güssefeldt, Jörg